000 00536nam a2200193Ia 4500
003 Ost
005 20260507075701.0
008 260507s9999||||xx |||||||||||||| ||und||
040 _cfsecg
041 _aara
100 _aحمو، عارف
_eمؤلف
245 0 _aمبادئ الاقتصاد /
_c عارف حمو
260 _aعمان:
_bدار اللوتس,
_c1993
300 _a217 صفحة؛
653 _aاقتصاد
653 _aمبادئ
700 _aعلي، ابو شرار
_eمؤلف ثانوي
942 _cكتاب
999 _c45812
_d45812